Loading...
| History - American | 0 | 4 | 0 | 4 | 40 | 104 | 107.75 | 0 | 0 | 0.00 | 0.00 |
| Science - Biology | 0 | 3 | 0 | 1 | 30 | 53 | 72.33 | 0 | 2 | 0.00 | 0.00 |
| Literature - World | 0 | 3 | 0 | 0 | 30 | 69 | 85.67 | 0 | 2 | 0.00 | 0.00 |
| Fine Arts - Classical Music | 0 | 2 | 0 | 2 | 20 | 116 | 121.00 | 0 | 0 | 0.00 | 0.00 |
| History - Other | 0 | 2 | 0 | 2 | 20 | 101 | 105.00 | 0 | 1 | 0.00 | 0.00 |
| Popular Culture | 0 | 1 | 0 | 0 | 10 | 71 | 71.00 | 1 | 1 | 0.00 | 0.00 |
| Geography | 0 | 1 | 0 | 0 | 10 | 36 | 36.00 | 0 | 1 | 0.00 | 0.00 |
| Philosophy | 0 | 1 | 0 | 1 | 10 | 102 | 102.00 | 0 | 0 | 0.00 | 0.00 |
| Literature - American | 0 | 1 | 0 | 1 | 10 | 111 | 111.00 | 0 | 0 | 0.00 | 0.00 |
| Science - Physics | 0 | 1 | 0 | 1 | 10 | 96 | 96.00 | 0 | 0 | 0.00 | 0.00 |
| Science - Chemistry | 0 | 1 | 0 | 0 | 10 | 44 | 44.00 | 0 | 1 | 0.00 | 0.00 |
| Fine Arts - Other | 0 | 1 | 1 | 0 | 5 | 126 | 126.00 | 0 | 1 | 0.00 | 0.00 |